Výpoveď zamestnávateľa zo zdravotných dôvodov

Možnosť skončenia pracovného pomeru výpoveďou pre zdravotné príčiny. Obsahové a formálne náležitosti výpovede pre zdravotné dôvody. Proces doručovania výpovede zamestnancovi. Výpoveď pre zdravotné dôvody a odstupné.

Salvato in:
Dettagli Bibliografici
Autore principale: Hrtánek, Ladislav
Natura: Capitolo di libro
Lingua:slovacco
Soggetti:
Tags: Aggiungi Tag
Nessun Tag, puoi essere il primo ad aggiungerne!!

MARC

LEADER 00000naa a2200000 4500
001 0287640
005 20240417075213.5
041 0 |a slo 
044 |a SK 
245 1 0 |a Výpoveď zamestnávateľa zo zdravotných dôvodov  |c Ladislav Hrtánek 
520 |a Možnosť skončenia pracovného pomeru výpoveďou pre zdravotné príčiny. Obsahové a formálne náležitosti výpovede pre zdravotné dôvody. Proces doručovania výpovede zamestnancovi. Výpoveď pre zdravotné dôvody a odstupné. 
610 2 0 |a právo pracovné 
610 2 0 |a výpoveď 
610 2 0 |a zamestnávatelia 
610 2 0 |a zamestnanci 
610 2 0 |a zdravie 
610 2 0 |a vzťahy pracovnoprávne 
610 2 0 |a odstupné 
610 2 0 |a zákonník práce 
100 1 |a Hrtánek, Ladislav